Science Quiz

Random Science or Letter Quiz

Binary Quiz Stats

 Plays Quiz not verified by Sporcle

Challenge
Share
Tweet
Embed
Score 0/62 Timer 05:00
0 Plays Today
Letter Binary % Correct
A???
92.3%
B???
92.3%
C???
92.3%
D???
92.3%
E???
92.3%
F???
92.3%
G???
92.3%
H???
92.3%
I???
92.3%
J???
84.6%
K???
84.6%
L???
84.6%
M???
76.9%
N???
76.9%
O???
76.9%
P???
76.9%
Q???
76.9%
R???
76.9%
S???
76.9%
T???
69.2%
U???
69.2%
V???
69.2%
W???
61.5%
X???
61.5%
Y???
61.5%
Z???
61.5%
a???
53.8%
b???
46.2%
c???
46.2%
d???
46.2%
e???
46.2%
Letter Binary % Correct
f???
46.2%
g???
46.2%
h???
46.2%
i???
46.2%
j???
46.2%
k???
46.2%
l???
46.2%
m???
46.2%
n???
46.2%
o???
46.2%
p???
38.5%
q???
38.5%
r???
38.5%
s???
38.5%
t???
38.5%
u???
38.5%
v???
38.5%
w???
30.8%
x???
30.8%
y???
30.8%
z???
30.8%
0???
15.4%
1???
15.4%
2???
15.4%
3???
15.4%
4???
15.4%
5???
15.4%
6???
15.4%
7???
15.4%
8???
15.4%
9???
7.7%

You're not logged in!

Compare scores with friends on all Sporcle quizzes.
Join for Free
OR
Log In

You Might Also Like...

Show Comments

Extras

Top Quizzes Today


Score Distribution

Your Account Isn't Verified!

In order to create a playlist on Sporcle, you need to verify the email address you used during registration. Go to your Sporcle Settings to finish the process.

Report this User

Report this user for behavior that violates our Community Guidelines.

Details: